| 000 | 00676nam a22002057a 4500 | ||
|---|---|---|---|
| 999 |
_c11446 _d11446 |
||
| 008 | 181204b ||||| |||| 00| 0 eng | ||
| 020 | _a978-1-4504-6180-1 | ||
| 082 |
_22016 _aDC 613.71 _bM961 |
||
| 100 |
_aMurry, Bob. _932817 |
||
| 245 |
_aPractical guide to exercise physiology/ _cBob Murry, W. Larry Kenney. |
||
| 260 |
_aPennsylvania: _bHuman Kenetics, _c©2016. |
||
| 300 |
_axii, 195 pages. _bcolor illustrations; _c28 cm. |
||
| 500 | _aincludes index. | ||
| 650 |
_aExercise _xPhysiology _9110 |
||
| 650 |
_aExercise Movement Technique _934707 |
||
| 650 |
_aPhysical Exertion _934708 |
||
| 700 |
_aKenney, W. Larry. _932819 |
||
| 365 |
_b2,145 _cphp |
||
| 942 |
_2ddc _cDC |
||